Statistiques concernant Personnages de jeux vidéo en silhouette

Cliquez ici pour prendre le quiz!

Statistiques générales

  • Ce quiz a été pris 121 fois
  • Le résultat moyen est 8 sur 16

Statistiques - réponses

Réponse% Correct
Koopa
81%
Ryu
71%
Steve
70%
Tails
66%
Tom Nook
64%
Solid snake
59%
Bayonetta
57%
Samus
55%
Ezio
51%
Pit
43%
Jinx
42%
Navi
36%
Agent 47
30%
Hanzo
30%
Dr.Fetus
7%
Ragnaros
4%

Distribution des résultats

Percentile par nombre de réponses

% des personnes avec chaque résultat

Votre développement - résultats

Vous n’avez pas pris ce quiz